LEADER 01046nam a2200217 i 4500 001 000000246464 003 CaOOAMICUS 005 20151112000000.0 008 151112n it u000 u ita u 013 $a225369 040 $aSeMil$bita 100 1 $aMartini, Carlo Maria,$c.$0(OLS)http://semarc/name/89159 245 10$aMi piacerebbe conoscerti... Lettera ai giovani che non incontro /$cCardinale Carlo Maria Martini. 260 $aPadova :$bMessaggero di S. Antonio,$c[1990?] 300 $aVHS (18 minuti) + 1 fascicolo ;$c22 cm. 500 $aIn custodia. - COLLOCAZIONE : UFFICIO. 650 4$aMartini, Carlo Maria - Insegnamento pastorale.$0(OLS)http://semarc/subject/9621 850 $aSeMil 852 $aSeMil$W1$xVenegono$y1$m$j2960$B196810$CSeMilBibl$Z2$F0 $85 996 $6245$aMi piacerebbe conoscerti... Lettera ai giovani che non incontro$9(OLS)http://semarc/title/348254 996 $6260$aPadova :$bMessaggero di S. Antonio$9(OLS)http://semarc/publisher/30062 LEADER 00695nam a2200205 i 4500 001 000000228089 003 CaOOAMICUS 005 20140318000000.0 008 140318s1888 it u000 u ita u 013 $a206991 040 $aSeMil$bita 245 10$aVol. 6. 300 $a250 p. 500 $aFondo Bidoglio. 773 0 $aScotton, Gottardo <1845-1916>$tVangelo studiato minutamente dal parroco.$dBassano : Premiato stabil. tipogr. Sante Pozzato, 1886-1890.$g6$w()14748 850 $aSeMil 852 $aSeMil$W1$xVenegono$y1$m2Y I 12 FA$j178435$B178435$CSeMilBibl$Z2$F189328 $8I 941 1 $a2 961 $aLascito: Bidoglio don Maurizio 996 $6245$aVol. 6$9(OLS)http://semarc/title/108698